[Event "22nd Hogeschool Zeeland Tournament 2018"]
[Site "Vlissingen"]
[Date "2018.08.10"]
[Round "8.31"]
[White "Muetsch, Annmarie"]
[Black "Osinga, Angelique"]
[Result "1-0"]
[WhiteElo "2239"]
[BlackElo "1937"]
[PlyCount "109"]
[EventCountry "NED"]

1. e4 e5 2. Nf3 Nc6 3. d4 exd4 4. Nxd4 Bc5 5. Nb3 Bb6 6. Nc3 Nf6 7. Qe2 d6 8.
Be3 Be6 9. O-O-O Qe7 10. g3 O-O-O 11. Bg2 Rhe8 12. Bxb6 axb6 13. Rhe1 Ne5 14.
h3 g5 15. Nd4 g4 16. Nxe6 Qxe6 17. hxg4 Qxg4 18. Qxg4+ Nexg4 19. Bh3 Kb8 20.
Bxg4 Nxg4 21. Re2 Nf6 22. Rde1 c6 23. e5 dxe5 24. Rxe5 Kc7 25. Rxe8 Rxe8 26.
Rxe8 Nxe8 27. Kd2 Nd6 28. b3 h5 29. Ke3 Nf5+ 30. Ke4 h4 31. gxh4 Nxh4 32. Ke5
Nf3+ 33. Kf6 Kd6 34. Kxf7 Ne1 35. f4 Nxc2 36. f5 Nd4 37. f6 Ne6 38. Ke8 Ke5 39.
Ke7 Nf4 40. f7 Ng6+ 41. Ke8 b5 42. Ne2 c5 43. Nc3 b4 44. Na4 Kd4 45. Nb6 Kc3
46. Nc8 Kb2 47. Ne7 Nxe7 48. Kxe7 Kxa2 49. f8=Q Kxb3 50. Qf3+ Kc4 51. Kd6 b6
52. Kc6 b3 53. Kxb6 b2 54. Qd1 Kc3 55. Kxc5 1-0

[Event "22nd Hogeschool Zeeland Tournament 2018"]
[Site "Vlissingen"]
[Date "2018.08.10"]
[Round "8.32"]
[White "Van den Berg, Bram"]
[Black "Van Liempt, Michael"]
[Result "1-0"]
[WhiteElo "2221"]
[BlackElo "2068"]
[PlyCount "57"]
[EventCountry "NED"]

1. e4 c5 2. b4 cxb4 3. a3 d5 4. exd5 Qxd5 5. Nf3 e5 6. axb4 Bxb4 7. Na3 Bxa3 8.
Bxa3 Nc6 9. c4 Qd8 10. Bb2 Bg4 11. Be2 Qc7 12. O-O Nge7 13. Nxe5 Bxe2 14. Qxe2
O-O 15. Nxc6 Nxc6 16. Ra3 f6 17. Re3 Qf7 18. d4 Rac8 19. d5 Na5 20. Re1 Nxc4
21. Re7 Qxd5 22. Qg4 g6 23. Bxf6 Qf5 24. Rg7+ Kh8 25. Qh4 h5 26. Rxg6+ Kh7 27.
Rg5 Qxf6 28. Qxh5+ Qh6 29. Re7+ 1-0

[Event "22nd Hogeschool Zeeland Tournament 2018"]
[Site "Vlissingen"]
[Date "2018.08.10"]
[Round "8.33"]
[White "Anusha N L V"]
[Black "Ojas Kulkarni"]
[Result "0-1"]
[WhiteElo "1898"]
[BlackElo "2256"]
[PlyCount "66"]
[EventCountry "NED"]

1. d4 Nf6 2. Nf3 b6 3. e3 Bb7 4. c4 g6 5. Nc3 Bg7 6. Be2 O-O 7. O-O d6 8. Qc2
Nbd7 9. Rd1 Qe8 10. Rb1 e5 11. d5 Qe7 12. e4 Ne8 13. Bd3 Nc5 14. b4 Nxd3 15.
Qxd3 Bc8 16. a4 f5 17. Nd2 f4 18. Ba3 g5 19. c5 Rf6 20. f3 h5 21. cxd6 cxd6 22.
Rbc1 Rg6 23. Rc2 g4 24. Rdc1 Qh4 25. Nf1 Bd7 26. b5 g3 27. h3 Nf6 28. Nd1 Nh7
29. Rc6 Bf8 30. Bb2 Ng5 31. Bxe5 Nxh3+ 32. gxh3 g2 33. Nh2 Qe1+ 0-1

[Event "22nd Hogeschool Zeeland Tournament 2018"]
[Site "Vlissingen"]
[Date "2018.08.10"]
[Round "8.34"]
[White "Westerweele, Henrik"]
[Black "De Waele, Warre"]
[Result "0-1"]
[WhiteElo "1956"]
[BlackElo "2237"]
[PlyCount "90"]
[EventCountry "NED"]

1. e4 e5 2. Nf3 Nc6 3. Bc4 Bc5 4. c3 Nf6 5. d3 d6 6. Bb3 a6 7. Bg5 Ba7 8. Nbd2
h6 9. Bh4 g5 10. Bg3 Qe7 11. Qe2 Be6 12. Nf1 O-O-O 13. Bc2 g4 14. Nh4 Nh5 15.
Ne3 Qg5 16. Nhf5 Nf4 17. Bh4 Qh5 18. Qf1 Rdg8 19. Bg3 Qg5 20. O-O-O Bxf5 21.
Nxf5 Nxd3+ 22. Kb1 Nc5 23. b4 Ne6 24. Bh4 Qh5 25. Ba4 b5 26. Bxb5 axb5 27. Qxb5
Kd7 28. Ne7 Ned8 29. Bf6 Re8 30. Nxc6 Nxc6 31. Bxh8 Rxh8 32. Qe2 Qg6 33. a3 f5
34. f3 Rf8 35. Rhf1 fxe4 36. fxe4 Rf4 37. Rxf4 exf4 38. Kb2 Qe6 39. Rd5 Be3 40.
b5 Ne5 41. Kb3 Qg6 42. Rd4 Bxd4 43. cxd4 Qe6+ 44. Kb4 f3 45. Qc2 Qc4+ 0-1

[Event "22nd Hogeschool Zeeland Tournament 2018"]
[Site "Vlissingen"]
[Date "2018.08.10"]
[Round "8.35"]
[White "Elgersma, Onno"]
[Black "Van Rij, Gert"]
[Result "1-0"]
[WhiteElo "2171"]
[BlackElo "1968"]
[PlyCount "85"]
[EventCountry "NED"]

1. e4 e6 2. d4 d5 3. Nc3 Bb4 4. e5 Ne7 5. a3 Bxc3+ 6. bxc3 c5 7. a4 Qa5 8. Bd2
Qc7 9. Nf3 Nbc6 10. Bd3 Bd7 11. O-O c4 12. Be2 O-O 13. Nh4 f5 14. f4 Be8 15.
Bc1 Ng6 16. Nf3 Kh8 17. Qe1 Nd8 18. Ba3 Rg8 19. Ng5 Qd7 20. Bb4 Nf7 21. Nxf7+
Bxf7 22. Rf3 Rgc8 23. h3 Qd8 24. Rf1 Qh4 25. Qxh4 Nxh4 26. Kh2 Rc7 27. g4 Ng6
28. gxf5 exf5 29. Kg3 b6 30. Rg1 Kg8 31. Kf3 Nf8 32. Ke3 Be6 33. Bf3 Kf7 34.
Rg3 g6 35. h4 Kg8 36. Rag1 Rg7 37. h5 Rd8 38. Bxf8 Kxf8 39. hxg6 hxg6 40. Rxg6
Rxg6 41. Rxg6 Kf7 42. Rh6 Rg8 43. Bh5+ 1-0

[Event "22nd Hogeschool Zeeland Tournament 2018"]
[Site "Vlissingen"]
[Date "2018.08.10"]
[Round "8.37"]
[White "Elgersma, Simon"]
[Black "Den Dunnen, Lola"]
[Result "1-0"]
[WhiteElo "2136"]
[BlackElo "1935"]
[PlyCount "109"]
[EventCountry "NED"]

1. e4 e5 2. Nf3 Nc6 3. d4 exd4 4. Nxd4 Bc5 5. Nb3 Bb6 6. Nc3 Nf6 7. Bg5 Qe7 8.
Qe2 Qe6 9. O-O-O O-O 10. f3 d6 11. Kb1 Nd7 12. g4 a5 13. a4 Nc5 14. Nxc5 Bxc5
15. Nd5 Nb4 16. Qc4 Nxd5 17. exd5 Qd7 18. Bd3 c6 19. Qe4 f5 20. gxf5 Qxf5 21.
Qh4 Qh3 22. Bxh7+ Kh8 23. Be4+ Qxh4 24. Bxh4 Bd7 25. Be7 Rf7 26. Bxd6 Bxd6 27.
dxc6 Bxc6 28. Rxd6 Bxa4 29. Rd5 Rf6 30. Rhd1 Re8 31. Rxa5 Bc6 32. Rh5+ Kg8 33.
Bh7+ Kf8 34. Bd3 Rxf3 35. Rg1 Rfe3 36. Rh8+ Ke7 37. Rxg7+ Kd6 38. Rxe8 Rxe8 39.
Ka2 Rh8 40. Rh7 Ra8+ 41. Kb3 Ra1 42. h4 Rh1 43. h5 Ke5 44. h6 Kf6 45. Rh8 Rh3
46. h7 Be4 47. Rf8+ Kg7 48. h8=Q+ Rxh8 49. Rxh8 Bxd3 50. cxd3 Kxh8 51. Kc4 Kg7
52. Kc5 Kf6 53. Kb6 Ke5 54. Kxb7 Kd4 55. b4 1-0

[Event "22nd Hogeschool Zeeland Tournament 2018"]
[Site "Vlissingen"]
[Date "2018.08.10"]
[Round "8.38"]
[White "De Boer, Bas"]
[Black "Advait, Bagri"]
[Result "1-0"]
[WhiteElo "2129"]
[BlackElo "1926"]
[PlyCount "75"]
[EventCountry "NED"]

1. d4 d5 2. c4 c6 3. Nf3 Nf6 4. Nc3 a6 5. e3 Bf5 6. Be2 e6 7. O-O h6 8. Bd3
Bxd3 9. Qxd3 Bb4 10. a3 Ba5 11. b4 Bc7 12. e4 dxe4 13. Nxe4 Nbd7 14. Ng3 O-O
15. Bb2 Re8 16. Rfe1 Rb8 17. Qb3 Qe7 18. Ne5 Rbd8 19. f4 Bb6 20. Qf3 Nh7 21. c5
Nxe5 22. dxe5 Bc7 23. Ne4 Qf8 24. Nd6 Bxd6 25. exd6 f5 26. Qb3 Qf7 27. Re3 Nf6
28. Bxf6 Qxf6 29. Rae1 Kf7 30. Re5 g5 31. fxg5 hxg5 32. g4 Kf8 33. Qh3 f4 34.
Qh5 f3 35. Kf2 Qf4 36. R1e3 Qd4 37. Qh8+ Kf7 38. Rf5+ 1-0

[Event "22nd Hogeschool Zeeland Tournament 2018"]
[Site "Vlissingen"]
[Date "2018.08.10"]
[Round "8.39"]
[White "Van der Borgt, Peter"]
[Black "Boelhouwer, Collin"]
[Result "0-1"]
[WhiteElo "1936"]
[BlackElo "2128"]
[PlyCount "80"]
[EventCountry "NED"]

1. e4 c5 2. c3 Nf6 3. e5 Nd5 4. g3 d6 5. exd6 e6 6. Bg2 Qxd6 7. Ne2 Be7 8. O-O
O-O 9. d4 cxd4 10. Nxd4 Rd8 11. Qe2 a6 12. Na3 Bf6 13. Rd1 Nc6 14. Nc4 Nxd4 15.
Rxd4 Qc7 16. Bf4 Nxf4 17. Rxf4 e5 18. Re4 Bf5 19. Re3 Bg5 20. Rf3 Bg4 21. Rxf7
Qc8 22. Qxe5 Kxf7 23. Nb6 Qf5 24. Qc7+ Kg8 25. Nxa8 Rxa8 26. Qxb7 Rf8 27. Rf1
Qg6 28. f4 Bd8 29. Qd5+ Kh8 30. Kh1 h5 31. Be4 Be6 32. Qd3 Qf6 33. f5 Bc8 34.
Qf3 Qd6 35. Qe2 Re8 36. Qd3 Qb6 37. Qf3 Rxe4 38. Qxh5+ Qh6 39. Qd1 Bb7 40.
Qxd8+ Re8+ 0-1

[Event "22nd Hogeschool Zeeland Tournament 2018"]
[Site "Vlissingen"]
[Date "2018.08.10"]
[Round "8.40"]
[White "Van Diermen, Arie"]
[Black "Nachbar, Benjamin"]
[Result "0-1"]
[WhiteElo "1922"]
[BlackElo "2123"]
[PlyCount "104"]
[EventCountry "NED"]

1. e4 c6 2. d4 d5 3. exd5 cxd5 4. c4 Nf6 5. Nc3 Nc6 6. Be3 g6 7. h3 Bg7 8. Nf3
O-O 9. Rc1 Be6 10. b3 Ne4 11. Bd3 Nxc3 12. Rxc3 dxc4 13. Bxc4 Bd5 14. O-O Qa5
15. Rc2 Rfd8 16. Bxd5 Rxd5 17. Qd2 Qa3 18. Qc1 Qd6 19. Rd2 Rd8 20. Rfd1 a6 21.
g3 Qe6 22. Kg2 Qe4 23. Qb1 Qxb1 24. Rxb1 Nxd4 25. Nxd4 Bxd4 26. Rbd1 e5 27. f4
R5d6 28. Bxd4 exd4 29. g4 Kg7 30. Kf3 f5 31. Rc1 R8d7 32. Rd3 h6 33. Rc8 Rc6
34. Re8 Rc1 35. a4 Rf1+ 36. Kg3 Kf7 37. Rh8 Kg7 38. Re8 Rc1 39. Re5 Kf6 40. Re8
Rc3 41. Rxc3 dxc3 42. Rc8 Rd3+ 43. Kg2 Ke6 44. g5 hxg5 45. fxg5 f4 46. Rc5 Kd6
47. b4 b6 48. Rc8 Kd5 49. h4 Kd4 50. Rc6 Ke3 51. Rxg6 c2 52. Rc6 Kd2 0-1

[Event "22nd Hogeschool Zeeland Tournament 2018"]
[Site "Vlissingen"]
[Date "2018.08.10"]
[Round "8.41"]
[White "Oosterom, Erik"]
[Black "Van de Poel, Taco"]
[Result "1/2-1/2"]
[WhiteElo "2113"]
[BlackElo "1909"]
[PlyCount "81"]
[EventCountry "NED"]

1. Nf3 Nf6 2. c4 e6 3. g3 a6 4. Bg2 b5 5. Nd4 d5 6. cxb5 axb5 7. Nxb5 c5 8. O-O
Nbd7 9. N1c3 Ba6 10. d4 cxd4 11. Nxd4 Bc5 12. Nc2 Rb8 13. a3 Qc7 14. Na4 Bd6
15. Bd2 Bxe2 16. Qxe2 Qxc2 17. Qa6 Bxg3 18. hxg3 O-O 19. Bb4 Ra8 20. Rac1 Qxc1
21. Rxc1 Rxa6 22. Bxf8 Kxf8 23. Nc5 Nxc5 24. Rxc5 Ke7 25. Rc7+ Nd7 26. Bf1 Rb6
27. b4 Kd6 28. Ra7 e5 29. Bh3 Nf8 30. Rxf7 Ne6 31. Bxe6 Kxe6 32. Rxg7 Ra6 33.
Rxh7 Rxa3 34. Kf1 Rb3 35. Rb7 d4 36. Rb5 d3 37. Ke1 e4 38. Kd2 Rb2+ 39. Ke1
Re2+ 40. Kf1 Rb2 41. Ke1 1/2-1/2

[Event "22nd Hogeschool Zeeland Tournament 2018"]
[Site "Vlissingen"]
[Date "2018.08.10"]
[Round "8.42"]
[White "Welten, Hans"]
[Black "Gutkind, Kedem"]
[Result "1/2-1/2"]
[WhiteElo "1911"]
[BlackElo "2099"]
[PlyCount "84"]
[EventCountry "NED"]

1. d4 Nf6 2. c4 e6 3. Nc3 Bb4 4. Qc2 b6 5. Nf3 Bb7 6. e3 Ne4 7. Be2 O-O 8. O-O
f5 9. Nd1 Bd6 10. b3 g5 11. Bb2 g4 12. Ne5 Nc6 13. f4 gxf3 14. Bxf3 Bxe5 15.
dxe5 Ng5 16. Qe2 Nxf3+ 17. gxf3 Kh8 18. Kh1 Rg8 19. Nf2 Qe8 20. Nd3 Ne7 21. Nf4
Qf7 22. Rg1 Ng6 23. Nxg6+ Rxg6 24. Rxg6 Qxg6 25. Rg1 Qh5 26. Rg3 Rg8 27. Kg2
Rg6 28. Ba3 Kg8 29. Be7 Rxg3+ 30. hxg3 Qe8 31. Bf6 a5 32. Qd1 Bc6 33. Kf2 Qh5
34. Kg2 Qg4 35. Qe2 Kf7 36. Qd1 h5 37. Bh4 Qg8 38. Qd2 Qa8 39. e4 Qh8 40. Qg5
fxe4 41. Qe7+ Kg6 42. Qg5+ Kf7 1/2-1/2

[Event "22nd Hogeschool Zeeland Tournament 2018"]
[Site "Vlissingen"]
[Date "2018.08.10"]
[Round "8.43"]
[White "Schouten, Jordy"]
[Black "Van Gemert, Rogier"]
[Result "1-0"]
[WhiteElo "2073"]
[BlackElo "1901"]
[PlyCount "41"]
[EventCountry "NED"]

1. e4 g6 2. d4 Bg7 3. Nc3 c6 4. Bc4 e6 5. e5 b5 6. Bb3 f5 7. Nf3 a5 8. a4 b4 9.
Ne2 Na6 10. h4 Nc7 11. h5 Ba6 12. hxg6 hxg6 13. Rxh8 Bxh8 14. Bg5 Bxe2 15. Qxe2
Qc8 16. O-O-O Nd5 17. Rh1 Bg7 18. Rh7 Kf7 19. Bxd5 cxd5 20. Bf6 Nxf6 21. exf6
1-0

[Event "22nd Hogeschool Zeeland Tournament 2018"]
[Site "Vlissingen"]
[Date "2018.08.10"]
[Round "8.44"]
[White "Boerkamp, Harry"]
[Black "Hoeneveld, Maarten"]
[Result "1/2-1/2"]
[WhiteElo "1887"]
[BlackElo "2066"]
[PlyCount "63"]
[EventCountry "NED"]

1. e4 e5 2. Nf3 Nf6 3. Bc4 Nc6 4. d4 exd4 5. e5 Ne4 6. O-O d5 7. Bb5 Bd7 8.
Bxc6 Bxc6 9. Nxd4 Qd7 10. Be3 O-O-O 11. a4 Kb8 12. f3 Nc5 13. c3 Bxa4 14. b3
Bb5 15. Nxb5 Qxb5 16. b4 Na6 17. Na3 Qd7 18. Qe2 c5 19. bxc5 Bxc5 20. Bxc5 Nxc5
21. Rfb1 Qc6 22. Nb5 a6 23. Nd4 Qc7 24. Qa2 Rhe8 25. f4 g5 26. Nb5 Qc6 27. Nd6
Re7 28. Qa5 Rf8 29. Rb6 Qc7 30. Nb5 Qd7 31. Nd6 Qc7 32. Nb5 1/2-1/2

[Event "22nd Hogeschool Zeeland Tournament 2018"]
[Site "Vlissingen"]
[Date "2018.08.10"]
[Round "8.45"]
[White "Du, Yuxin"]
[Black "Baete, Guy"]
[Result "1-0"]
[WhiteElo "2064"]
[BlackElo "1861"]
[PlyCount "53"]
[EventCountry "NED"]

1. e4 d6 2. d4 e5 3. dxe5 dxe5 4. Qxd8+ Kxd8 5. Nf3 Bd6 6. Nc3 c6 7. Be3 Bg4 8.
O-O-O Kc7 9. Be2 Bxf3 10. Bxf3 Nf6 11. Rd3 Rd8 12. Rhd1 Na6 13. a3 Bc5 14. b4
Bxe3+ 15. Rxe3 Rxd1+ 16. Bxd1 Kd6 17. Nb1 Nc7 18. Nd2 Nd7 19. Nc4+ Ke7 20. Bg4
f6 21. Rd3 Ne6 22. Nd6 Rb8 23. Nf5+ Ke8 24. Nxg7+ Nxg7 25. Rxd7 Kf8 26. Rc7 Ne8
27. Rxh7 1-0

[Event "22nd Hogeschool Zeeland Tournament 2018"]
[Site "Vlissingen"]
[Date "2018.08.10"]
[Round "8.46"]
[White "De Jong, Roel"]
[Black "Gorny, Michael"]
[Result "0-1"]
[WhiteElo "1880"]
[BlackElo "2062"]
[PlyCount "44"]
[EventCountry "NED"]

1. e4 d6 2. d4 Nf6 3. Nc3 e5 4. Nf3 Nbd7 5. dxe5 dxe5 6. Bc4 Bb4 7. O-O c6 8.
Bd2 O-O 9. a3 Be7 10. h3 Qc7 11. Qe2 h6 12. Rae1 b5 13. Bd3 Nh7 14. Bxb5 cxb5
15. Nd5 Qd8 16. Nxe7+ Qxe7 17. Bb4 Qf6 18. Bxf8 Nhxf8 19. Qxb5 Ba6 20. Qd5 Rc8
21. Rc1 Bxf1 22. Kxf1 Qf4 0-1

[Event "22nd Hogeschool Zeeland Tournament 2018"]
[Site "Vlissingen"]
[Date "2018.08.10"]
[Round "8.47"]
[White "Krijger, Martin"]
[Black "Verwoert, Jef"]
[Result "0-1"]
[WhiteElo "1749"]
[BlackElo "2040"]
[PlyCount "34"]
[EventCountry "NED"]

1. e4 c5 2. Nf3 g6 3. d4 cxd4 4. Qxd4 Nf6 5. Nc3 Nc6 6. Qa4 d6 7. e5 dxe5 8.
Nxe5 Bg7 9. Nxc6 bxc6 10. Be2 O-O 11. Bf3 Nd5 12. Nxd5 cxd5 13. O-O e5 14. Rd1
e4 15. Bxe4 Bd7 16. Qa6 dxe4 17. Qb7 Bc6 0-1

[Event "22nd Hogeschool Zeeland Tournament 2018"]
[Site "Vlissingen"]
[Date "2018.08.10"]
[Round "8.48"]
[White "Brandsma, Romayn"]
[Black "Gosman, Theo"]
[Result "1/2-1/2"]
[WhiteElo "1706"]
[BlackElo "2030"]
[PlyCount "91"]
[EventCountry "NED"]

1. e4 e6 2. d4 d5 3. exd5 exd5 4. Nf3 Bg4 5. h3 Bh5 6. Be3 Bd6 7. Bd3 Nf6 8.
Nbd2 Nc6 9. c3 Qd7 10. Qc2 Bg6 11. Bxg6 hxg6 12. O-O-O O-O-O 13. Rhe1 Rde8 14.
a3 Nh5 15. c4 Bf4 16. c5 Bxe3 17. fxe3 Ng3 18. b4 a6 19. Qb3 f6 20. Kb2 Re6 21.
a4 Na7 22. Ra1 c6 23. Qc2 Qe8 24. Qb3 Qe7 25. b5 cxb5 26. Qxd5 bxa4 27. Nc4 Nb5
28. Nb6+ Kb8 29. Rxa4 Re8 30. Rxa6 Nc7 31. Nd7+ Kc8 32. Rxe6 Nxd5 33. Rxe7 Rxe7
34. Nb6+ Nxb6 35. cxb6 Re6 36. Kc2 Rxb6 37. Ra1 Nf5 38. e4 Ne3+ 39. Kd2 Nxg2
40. Ra8+ Kc7 41. Rg8 g5 42. Rxg7+ Kd8 43. Kc3 Nf4 44. h4 gxh4 45. Nxh4 Re6 46.
Rxb7 1/2-1/2